Top 10 Countries with the Highest Life Expectancy in Africa - Statistics

General Stats
  • This quiz has been taken 1,541 times
  • The average score is 8 of 10
Answer Stats
Years Country % Correct
72.70 Egypt
97%
76.90 Morocco
96%
76.80 Algeria
94%
76.10 Tunisia
92%
76.20 Libya
88%
74.50 Seychelles
77%
75.60 Mauritius
74%
72.10 Cape Verde
72%
65.90 Madagascar
55%
66.60 Ghana
54%
No matching quizzes found
Score Distribution
Percent of People with Each Score
Percentile by Number Answered
Your Score History
You have not taken this quiz